Open Data Biblioteca Nacional de Portugal


República Portuguesa: Ministério da Cultura
Biblioteca Nacional de Portugal

Catálogo da BNP: acesso por Identificadores Unívocos
Registos Bibliográficos associados ao registo de autoridade

Etiqueta de registo: 00230nam 2200025 450
001 1794327
003 http://id.bnportugal.gov.pt/bib/catbnp/1794327
100 ## $a20111114d2010 k y0pory0103 ba
101 0# $aeng$dpor
102 ## $aPT
105 ## $aa m 001yy
106 ## $ar
200 1# $aResponses of higher plants to boron deficiency$fMarta Alexandra Marques Alves$gorient. Cândido Pinto Ricardo, Phillip Jackson
210 #9 $aOeiras$c[s.n.],$d2010
215 ## $aXXVI, 258 p.$cil.$d25 cm
215 ## $a1 disco óptico (CD-ROM) em caixa$cil.$d13 x 14 x 1 cm
305 ## $aEd. impressa e em CD-ROM
320 ## $aContém bibliografia
328 #1 $aTese dout. Biochemistry, Inst. de Tecnologia Química e Biológica, Univ. Nova de Lisboa, 2010
675 ## $a581.13/.14(043)$vBN$zpor$31412014
675 ## $a582.4(043)$vBN$zpor$31505401
675 ## $a546.2(043)$vBN$zpor$3604168
675 ## $a577.12(043)$vBN$zpor$3339302
700 #1 $aAlves,$bMarta Alexandra Marques$31474209
702 #1 $aRicardo,$bC. Pinto$4727$3116147
702 #1 $92$aJackson,$bPhillip$4727$31474211
801 #0 $aPT$bBN$gRPC
966 ## $lBN$mDEM$sS.A. 53043 P.$x1
966 ## $lBN$mFGMON$sS.A. 145688 V.$x1

Etiqueta de registo: 00000nam 2200025 450
001 2280362
003 http://id.bnportugal.gov.pt/bib/catbnp/2280362
100 ## $a20260316d2025 k y0pory01030103ba
101 0# $aeng$dpor
102 ## $aPT
105 ## $aa m 000yy
106 ## $ar
200 1# $aBioactive materials functionalized with Ag(I) and Au(I) camphor-based complexes$fJoana Rita do Vale Pais Costa$gsupervisor Maria Fernanda do Nascimento Neves de Carvalho, Marta Alexandra Marques Alves
210 #9 $aLisboa$c[s.n.],$d2025
215 ## $aXX, 175 p.$cil.$d30 cm
328 #1 $aTese dout. Chemistry, Instituto Superior Técnico, Universidade de Lisboa, 2025
675 ## $a547(043)$vBN$zpor$3335645
675 ## $a57.02(043)$vBN$zpor$31242392
700 #1 $aCosta,$bJoana Rita do Vale Pais$31991439
702 #1 $aCarvalho,$bMaria Fernanda do Nascimento Neves de,$f1955-$4727$338291
702 #1 $aAlves,$bMarta Alexandra Marques$4727$31474209
801 #0 $aPT$bBN$gRPC
966 ## $lBN$mFGMON$sS.A. 193646 V.$x1
971 ## $corlando$d20260316
972 ## $e0$z0$d20260423$vlrevez
973 ## $cmlsousa$d20260415

OpendataBNP@bnportugal.pt | Mais informação sobre acesso aos dados BNP